000 01021nam a2200325Ia 4500
001 Z_6681
003 CHAP
008 220113s9999 xx 000 0 und d
010 _a169952
020 _a968-18-1954-4
040 _cCHAP
082 _a636.0824 R477
245 _aReproducción de animales domésticos /
_ceditores Carlos Galina Hidalgo, Alberto Saltiel Cohen y Javier Valencia Méndez
260 _aMéxico :
_bLimusa,
_c
300 _a375 p.
503 _aej.1: Donación (Fernpando Cervantes E. julio 1988) \ ej.2: 143585 \ ej.3: s/n \ ej.4: C/E
504 _aIncluye bibliografía
650 _aAnimales domésticos
_xReproducción
_95915
650 _aGanado
_xReproducción
_944951
650 _aReproducción animal
_996028
700 _a Saltiel Cohen, Alberto, comp.
_9145580
700 _a Valencia, Javier, comp.
_9142887
700 _aGalina, Carlos, comp.
_9142888
901 _a636.0824 R477
902 _aM
910 _a
942 _c1
942 _cc1
999 _c169952
_d169952